00468nam a2200193 a 4500001001300000003000900013005001700022008004100039020000800080082001500088100001900103245002700122260003100149300000900180500003500189505001500224650001600239700001900255nice12345678IN_TiNIC20260116011507.0050524s0000 lona grp 000 0 eng  ac000a297.4bSAY aSayle, Charles aSadib Sadi`s Gulistan aLondonbWalter Scottc0000 a311p aincludes index and biblioraphy2 aIll, Index aSufism-Sadi1 aSayle, Charles